000
00207 a2200097 4500
001
1947
100
_a
Mitchell,KB
245
_a
Cost Acounting and the Engineer
260
_a
_b
Iliffe
_c
090
_c
1445
_d
1445
942
_a
NUST-CAE
_c
M
_c
4947
999
_c
237020
_d
237020